000 00730nam a2200217Ia 4500
005 20241129111030.0
008 241129s9999||||xx |||||||||||||| ||und||
020 _a9789386534873
037 _aTB
040 _aCRL
_bhin
_cCRL
041 _ahin
_2hin
084 _aO152,3N47x R0
_qCRL
100 _aस्वयं प्रकाश, ले.
245 0 _aप्रतिनिधि कहानियॉं
_cस्वयं प्रकाश, ले.
260 _aदिल्ली, भारत
_bराजकमल प्रकाशन
_c2020
300 _a151पृ0
365 _aINR
_b195
650 _aHindi LiteratureFiction
_9726203
942 _cTB
_hO152,3N47x R0
999 _c1228623
_d1228623